000 00408nam a2200181Ia 4500
008 210210b1914 xxu||||| |||| 00| 0 eng d
041 _aeng
082 _a430/40
100 _aVIRGIL
245 _aAeneid of virgil Books VII-XII
260 _aLondon
_bMacmillan & Co. Ltd.
_c1914
300 _a479
650 _avirgil
650 _aVII-XII
650 _aBooks
650 _aAeneid
906 _a006182
999 _c128410
_d128410